|
|
|
|
| LEADER |
00000nam a2200000 a 4500 |
| 001 |
vtls011885154 |
| 003 |
SK-MaSNL |
| 005 |
20260301101748.0 |
| 008 |
251112 1528 gw 001 0 lat |
| 015 |
|
|
|a SNBHFA1528
|
| 035 |
|
|
|a urn:nbn:sk:snk-am00ihe8
|
| 035 |
|
|
|a 83AEC1A1-9C9C-46FC-99F2-8ED0AA3F999B
|
| 040 |
|
|
|a SNKHFA
|b slo
|c SNKHFA
|e AACR2
|
| 041 |
|
|
|a lat
|
| 044 |
|
|
|a gw
|c DE
|
| 072 |
|
7 |
|a 16
|x Logika
|2 konspekt
|
| 080 |
|
|
|a 808.5
|2 2011
|
| 080 |
|
|
|a 16
|2 2011
|
| 100 |
1 |
|
|a Agricola, Rudolf,
|c starší,
|d 1442-1485
|4 aut
|4 dto
|9 180608
|
| 245 |
1 |
0 |
|a Rodolphi Agricolae Phrisij de inuentione dialectica libri tres, cum scholijs Ioannis Matthaei Phrissemij
|
| 260 |
|
|
|a [Köln]
|b [Johann Soter für Franz Birckmann]
|c Anno M D XXVIII. [=1528]
|
| 300 |
|
|
|a [16], 405, [12] strán
|c 4°
|c 21 cm
|
| 500 |
|
|
|a Signet, iniciálky s ornamentálnym a figurálnym pozadím v rámčeku na 4-8 riadkov, titulný list v drevorezovom ráme s ornamentálnou a figurálnou výzdobou, rubriky, typografické ozdoby, kustódy
|
| 504 |
|
|
|a Marginálie
|
| 508 |
|
|
|a Dedikácia: Wagener, Matthias; Phrissemius, Johannes Matthaeus; Plinius, Theodoricus; Agricola, Rudolf St.
|
| 510 |
4 |
|
|a VD 16 A/1100
|
| 546 |
|
|
|a Latinčina
|b Kurzíva
|
| 561 |
|
|
|a Z knižnice františkánov v Trnave.
|5 SNK
|
| 561 |
|
|
|a Proveniencia: Emptus Liber Banoviae 12 Э [...]. - Conuentus Tyrnauiensis D. Jacobi Frum Minor - Andreae Toltt 1665. - [...] Author hunc libri [...] Bucholcer [...].
|5 SNK IC 144898
|
| 562 |
|
|
|a Rukopisné marginálie a rukopisné poznámky v latinčine.
|5 SNK IC 144898
|
| 563 |
|
|
|a Väzba: pôvodná, renesančná, bledohnedá koža s ornamentálnou slepotlačou, zachovaná len časť koženej väzby, poškodené spony.
|5 SNK IC 144898
|
| 650 |
0 |
7 |
|a rétorika
|2 SNKPH
|9 989
|
| 650 |
0 |
7 |
|a logika
|2 SNKPH
|9 806
|
| 700 |
1 |
|
|a Soter, Johann,
|d zomrel 1543
|4 prt
|9 130651
|
| 700 |
1 |
|
|a Birckmann, Franz
|4 prt
|9 305393
|
| 700 |
1 |
|
|a Toltt, Andrej
|d 1665
|4 fmo
|9 436489
|
| 700 |
1 |
|
|a Wagener, Matthias
|4 hnr
|9 436490
|
| 700 |
1 |
|
|a Phrissemius, Johannes Matthaeus,
|d zomrel 1533
|4 hnr
|9 180610
|
| 700 |
1 |
|
|a Plinius, Theodoricus
|4 hnr
|9 129857
|
| 710 |
1 |
|
|a Františkáni (Trnava, Slovensko)
|4 fmo
|9 305289
|
| 710 |
0 |
|
|a Soter, Johann (Kolín nad Rýnom, Nemecko),
|d 1518-1543
|4 prt
|9 172888
|
| 710 |
0 |
|
|a Birckmann, Franz (Kolín, Nemecko),
|d 1526 - 1530
|4 prt
|9 436491
|
| 752 |
|
|
|a Nemecko
|d Kolín nad Rýnom
|
| 852 |
|
|
|a Slovenská národná knižnica
|b Historické fondy
|
| 852 |
|
|
|a snk
|b Historické fondy
|p IC 144898
|
| 958 |
|
|
|a ONDV
|
| 999 |
|
|
|c 690261
|d 692191
|
| 952 |
|
|
|t Fr Tt 20 331
|a SNK
|b SNK
|c SNK_HF
|y PREZ
|7 0
|p 17A1303089
|o snkIC 144898
|i snk2019/22052
|8 5
|0 0
|1 0
|4 0
|d 2019-09-04
|f 1
|l 0
|r 2026-02-23 20:25:02
|w 2026-02-23
|